[Event "3rd International Open"]
[Site "Rethymno GRE"]
[Date "2011.07.12"]
[Round "3"]
[White "Guramishvili,S"]
[Black "Balokas,D2"]
[Result "1-0"]
[WhiteElo "2329"]
[BlackElo "2060"]

1.d4 Nf6 2.c4 e6 3.g3 d5 4.Bg2 Be7 5.Nf3 O-O 6.O-O dxc4 7.Qc2 b5 8.a4 b4
9.Ne5 Qxd4 10.Bf4 Nd5 11.Rd1 Qc5 12.Nd2 f5 13.Ndxc4 Ba6 14.Bxd5 exd5 15.Be3 d4
16.Rxd4 Bxc4 17.Nd7 Nxd7 18.Rxd7 Qc6 19.Rxe7 Bd5 20.Qxc6 Bxc6 21.Rc1 Rfe8
22.Rxc7 Bd5 23.R1c5 Rad8 24.Rxa7 Ba8 25.Rc1 Rc8 26.Rxc8 Rxc8 27.f3 Bd5 28.Bd4  1-0

[Event "Faustino Paniagua Memorial"]
[Site "Asuncion URU"]
[Date "2011.07.13"]
[Round "7.1"]
[White "Latorre,Mat"]
[Black "Vazquez,Guillermo"]
[Result "0-1"]
[WhiteElo "2258"]
[BlackElo "2248"]

1.d4 d5 2.Nf3 Nf6 3.c4 e6 4.g3 Be7 5.Bg2 O-O 6.O-O dxc4 7.Qc2 a6 8.Qxc4 b5
9.Qc2 Bb7 10.Bd2 Nc6 11.e3 Nb4 12.Bxb4 Bxb4 13.a3 Be7 14.Nbd2 Rc8 15.b4 a5
16.Ne5 Bxg2 17.Kxg2 axb4 18.Nc6 Qd7 19.axb4 Nd5 20.Rab1 Bd6 21.Rfc1 Ne7 22.Ne4 Ra8
23.Nxd6 cxd6 24.Nxe7+ Qxe7 25.Qc7 Qxc7 26.Rxc7 Ra2 27.Rb7 g6 28.Rc1 Rb2 29.d5 exd5
30.Rxb5 Ra8 31.Ra5 Re8 32.Rc7 Rxb4 33.Rxd5 Re6 34.Rd2 Rb3 35.g4 h6 36.h4 Rb4
37.Kg3 Kg7 38.Rd3 Rb1 39.f3 g5 40.h5 Rb2 41.Rd7 Rb6 42.Ra3 Rf6 43.Rd8 Re6
44.Rd7 Rb2 45.Raa7 Rf6 46.Rd8 Re6 47.Raa8 Rxe3 48.Rg8+ Kf6 49.Rh8 Ree2  0-1

[Event "34th Aegean Open"]
[Site "Aghios Kirykos GRE"]
[Date "2011.07.14"]
[Round "7"]
[White "Kamenets,A"]
[Black "Zagrebelny,S"]
[Result "0-1"]
[WhiteElo "2328"]
[BlackElo "2485"]

1.d4 Nf6 2.c4 e6 3.g3 d5 4.Nf3 Be7 5.Bg2 c6 6.Qc2 O-O 7.O-O b6 8.b3 Bb7 9.Bb2 Na6
10.Rd1 Rc8 11.Nbd2 Rc7 12.a3 c5 13.dxc5 bxc5 14.cxd5 exd5 15.Ng5 h6 16.Bxf6 hxg5
17.Be5 Bd6 18.Bxd6 Qxd6 19.Qd3 Qe6 20.Rac1 Re8 21.e3 g4 22.b4 cxb4 23.Rxc7 Nxc7
24.axb4 Qb6 25.Qd4 Qxd4 26.exd4 Ba6 27.Rc1 Ne6 28.Ra1 Bc4 29.Nxc4 dxc4 30.Rc1 Nxd4
31.Bf1 Rc8 32.Rxc4 Rxc4 33.Bxc4 Kf8 34.Kg2 Ke7 35.h3 gxh3+ 36.Kxh3 Nc2 37.b5 Na3
38.Be2 Kd6 39.Kh4 Kc5 40.Bh5 g6 41.Bd1 Nxb5 42.Kg5 Nc3 43.Bc2 Nd5 44.f4 a5
45.g4 Kb4 46.Be4 Kc4 47.Bc2 Ne3 48.Ba4 f5 49.gxf5 gxf5 50.Kf6 Kb4 51.Bd7 a4
52.Be6 a3 53.Ba2 Kc3 54.Ke5 Kb2 55.Be6 a2  0-1

[Event "St Pauli Open"]
[Site "Hamburg GER"]
[Date "2011.07.14"]
[Round "7.29"]
[White "Hinrichs,Jan"]
[Black "Rieling,T"]
[Result "1/2-1/2"]
[WhiteElo "1947"]
[BlackElo "2133"]

1.d4 Nf6 2.g3 d5 3.c4 e6 4.Nf3 Be7 5.Bg2 O-O 6.O-O b6 7.cxd5 exd5 8.Nc3 Bb7
9.Bf4 c6 10.Ne5 Nbd7 11.Rc1 Rc8 12.e4 dxe4 13.Nxe4 Nd5 14.Qa4 Nxe5 15.dxe5 Nxf4
16.gxf4 Qc7 17.Rfd1 Rfd8 18.Bh3 Ra8 19.Rxd8+ Rxd8 20.Rd1 a5 21.Qb3 c5 22.Ng5 c4
23.Qc2 Rxd1+ 24.Qxd1 h6 25.Nf3 b5 26.Nd4 Qd8 27.Bg4 b4 28.Nb5 Qxd1+ 29.Bxd1 Bc5
30.a4 bxa3 31.bxa3 Be4 32.Be2 Bd3 33.Bxd3 cxd3 34.Kf1 g6 35.Ke1 Kf8 36.Kd2 Bxf2
37.Kxd3 Ke7 38.Ke4 Kd7 39.Kd5 Bg1 40.h3 Be3 41.Nd6 Bxf4 42.Nxf7 a4 43.Nd6 Bc1
44.Nc4 Ke7 45.Nb6 g5 46.Nxa4 Bxa3 47.Nc3 h5 48.Ne4 g4 49.hxg4 hxg4  1/2-1/2

[Event "St Pauli Open"]
[Site "Hamburg GER"]
[Date "2011.07.14"]
[Round "7.39"]
[White "Nugel,K"]
[Black "Sturm,Timo"]
[Result "1/2-1/2"]
[WhiteElo "2057"]
[BlackElo "1942"]

1.d4 Nf6 2.c4 e6 3.g3 d5 4.Nf3 Be7 5.Bg2 O-O 6.O-O dxc4 7.Qa4 a6 8.Qxc4 b5
9.Qc2 Bb7 10.Bd2 Be4 11.Qc1 Bb7 12.Qc2 Be4 13.Qc1  1/2-1/2

[Event "Oberwart Open"]
[Site "Oberwart AUT"]
[Date "2011.07.14"]
[Round "6"]
[White "Hera,I"]
[Black "Kovacs,Ga2"]
[Result "1-0"]
[WhiteElo "2536"]
[BlackElo "2496"]

1.d4 d5 2.c4 e6 3.Nf3 Nf6 4.g3 Be7 5.Bg2 O-O 6.O-O dxc4 7.Qc2 a6 8.a4 Bd7
9.Rd1 Bc6 10.Nc3 Bxf3 11.Bxf3 Nc6 12.Bxc6 bxc6 13.Bg5 Rb8 14.e3 a5 15.Bxf6 gxf6
16.Ne4 Qd5 17.Nd2 Rb4 18.Rac1 Rfb8 19.Nxc4 Qh5 20.Rd3 c5 21.dxc5 Qxc5 22.b3 Kg7
23.Qd1 Qf5 24.Rd7 Bf8 25.Rxc7 Rxb3 26.Qd7 Qh5 27.Qxe6 Rb1 28.Rxb1 Rxb1+ 29.Kg2 Kg8
30.Qe8 Re1 31.Rd7 Kg7 32.Nb6 Bb4 33.Nd5 Re2 34.Nf4 Rxf2+ 35.Kxf2 Qxh2+ 36.Kf3 Qh1+
37.Kg4 Kh6 38.Qxf7 Be7 39.Rd5 Bf8  1-0

[Event "ch-Central Serbia Int Open A"]
[Site "Paracin SRB"]
[Date "2011.07.14"]
[Round "8"]
[White "Ulibin,M"]
[Black "Bogosavljevic,B"]
[Result "1-0"]
[WhiteElo "2538"]
[BlackElo "2548"]

1.d4 Nf6 2.c4 e6 3.g3 d5 4.Bg2 Be7 5.Nf3 O-O 6.O-O dxc4 7.Qa4 a6 8.Qxc4 b5
9.Qc2 Bb7 10.Bd2 Be4 11.Qc1 Nbd7 12.Ba5 Ra7 13.Nbd2 Bd5 14.Re1 Ne4 15.Nxe4 Bxe4
16.Qe3 Qa8 17.Rac1 Rc8 18.Red1 Bd6 19.Bh3 Bd5 20.Ne5 Nf6 21.a3 Qb8 22.b4 c6
23.Rc2 Nd7 24.Nxd7 Rxd7 25.Rdc1 Re7 26.Qd3 Rce8 27.Bg2 e5 28.Bxd5 cxd5 29.dxe5 Rxe5
30.Qf3 h5 31.Bc7 Bxc7 32.Rxc7 f6 33.Qd3 Rxe2 34.Qxd5+ R2e6 35.Rc8  1-0

[Event "Open ch-SVK A"]
[Site "Banska Stiavnica SVK"]
[Date "2011.07.15"]
[Round "7"]
[White "Cernousek,L"]
[Black "Aczel,G"]
[Result "1/2-1/2"]
[WhiteElo "2424"]
[BlackElo "2470"]

1.d4 Nf6 2.c4 e6 3.g3 d5 4.Nf3 Be7 5.Bg2 O-O 6.O-O dxc4 7.Qa4 a6 8.Qxc4 b5
9.Qc2 Bb7 10.Bd2 Be4 11.Qc1 Nbd7 12.Ba5 Rc8 13.Nc3 Ba8 14.a4 bxa4 15.Nxa4 Qe8
16.b4 Nb8 17.Ne5 Bxg2 18.Kxg2 Qb5 19.Nc3 Qb7+ 20.Kg1 Rfd8 21.Rd1 Nd5 22.Rb1 Bf6
23.Ne4 Bxe5 24.dxe5 Nc6 25.Qg5 h6 26.Qh5 Qb5 27.Rbc1 Nxa5 28.bxa5 Qxa5 29.Rc5 Qa4
30.Rdxd5 Qxe4 31.Rxc7 Rxc7 32.Rxd8+ Kh7 33.Qf3 Qxf3 34.exf3 Ra7 35.Rd4 a5
36.Ra4 Kg8 37.Kf1 Kf8 38.Ke2 Ke7 39.h4 h5 40.g4 g6 41.Ke3 Ra8 42.Kf4 f6 43.exf6+ Kxf6
44.Ke4 Ra6 45.Kf4 e5+ 46.Ke4 Rb6 47.Rxa5 Rb4+ 48.Ke3 hxg4 49.fxg4 Rxg4 50.Kf3 Rxh4
51.Kg3 Rd4 52.Ra8 Kg5 53.Re8 Rg4+ 54.Kf3 Rf4+ 55.Kg3 Rf5 56.Rxe5 Rxe5 57.f4+ Kf5
58.fxe5 Kxe5 59.Kg4 Kf6 60.Kf4  1/2-1/2

[Event "Open ch-SVK A"]
[Site "Banska Stiavnica SVK"]
[Date "2011.07.15"]
[Round "7"]
[White "Hagara,E"]
[Black "Danes,J"]
[Result "1/2-1/2"]
[WhiteElo "2399"]
[BlackElo "2293"]

1.c4 e6 2.Nf3 d5 3.g3 Nf6 4.Bg2 Be7 5.d4 O-O 6.Qc2 dxc4 7.Qxc4 a6 8.Qc2 Nc6
9.O-O Nxd4 10.Nxd4 Qxd4 11.Qxc7 Qc5 12.Qxc5 Bxc5 13.Nc3 e5 14.b3 Rb8 15.Bb2 Re8
16.Rac1 Bf8 17.Rfd1 Be6 18.Na4 Nd7 19.Bd5 b5 20.Nc3 Nf6 21.Bxe6 Rxe6 22.Nd5 Nxd5
23.Rxd5 f6 24.e4 Ree8 25.Kf1 Rec8 26.Rdd1 Kf7 27.Ke2 Ke6 28.f4 exf4 29.gxf4 f5
30.e5 Be7 31.Rg1  1/2-1/2

[Event "13th Sant Marti Open"]
[Site "Barcelona ESP"]
[Date "2011.07.15"]
[Round "3"]
[White "Carstensen,J"]
[Black "Lasinskas,P"]
[Result "1-0"]
[WhiteElo "2391"]
[BlackElo "2148"]

1.d4 Nf6 2.c4 e6 3.g3 d5 4.Nf3 Be7 5.Bg2 O-O 6.O-O b6 7.cxd5 exd5 8.Nc3 Bb7
9.Ne5 Nbd7 10.Qa4 Nb8 11.Bf4 a6 12.Rac1 Ne4 13.Qc2 Nxc3 14.Qxc3 Bd6 15.Nd3 c6
16.e4 Ra7 17.Bxd6 Qxd6 18.exd5 cxd5 19.Qc7 Rd8 20.Rfe1 Qf6 21.Re7 Rf8 22.Ne5 h5
23.Rc3 Qf5 24.Qxb6 Qb1+ 25.Bf1 Nc6 26.Rxc6 Bxc6 27.Nxc6 Rxe7 28.Nxe7+ Kh8
29.Nxd5 Qxa2 30.Nf4  1-0

[Event "I Goi Mailako Centre GM"]
[Site "Donostia ESP"]
[Date "2011.07.15"]
[Round "3"]
[White "Franco Alonso,A"]
[Black "Argandona Riveiro,I"]
[Result "0-1"]
[WhiteElo "2452"]
[BlackElo "2388"]

1.d4 d5 2.c4 e6 3.Nf3 Be7 4.g3 Nf6 5.Bg2 O-O 6.O-O dxc4 7.Qc2 b5 8.a4 b4
9.Ne5 Qxd4 10.Bxa8 Qxe5 11.Bf3 Ba6 12.Bf4 Qa5 13.Nd2 b3 14.Qc1 Qb4 15.Nb1 Qa5
16.Bd2 Qf5 17.Nc3 Nbd7 18.Nb5 Ne5 19.Bg2 c6 20.Nd4 Qh5 21.Bf4 Neg4 22.h3 e5
23.Nxc6 Bc5 24.Bg5 Nxf2 25.Rxf2 Qxe2 26.Qf1 Qxb2 27.Bxf6 gxf6 28.Rd1 c3 29.Kh2 Qxf2
30.Qxa6 c2 31.Rf1 Qe3 32.Qc4 Ba3 33.Qg4+ Qg5 34.Qc4 c1=Q 35.Rxc1 Qxc1 36.Qxb3 Bc5
37.h4 Qe3 38.Qc2 e4 39.Bxe4 Qf2+ 40.Qxf2 Bxf2 41.Kg2 Re8 42.Bxh7+ Kxh7 43.Kxf2 a6
44.Nb4 Re6 45.a5 Rd6 46.Ke3 f5 47.Nd3 Rd5  0-1

[Event "5th LCT Open A"]
[Site "Leiden NED"]
[Date "2011.07.15"]
[Round "7"]
[White "Van Wessel,R"]
[Black "Spaan,N"]
[Result "1-0"]
[WhiteElo "2371"]
[BlackElo "2209"]

1.d4 Nf6 2.c4 e6 3.g3 Be7 4.Bg2 d5 5.Nf3 O-O 6.Qc2 Nbd7 7.O-O c6 8.Rd1 b6
9.Nc3 Bb7 10.b3 Rc8 11.e4 dxe4 12.Nxe4 Nxe4 13.Qxe4 Bf6 14.Ba3 Re8 15.Rac1 Qc7
16.c5 b5 17.Bb2 Be7 18.h4 Nf6 19.Qe1 Nd5 20.Bf1 Bf8 21.Bd3 g6 22.h5 a5 23.Kg2 Bh6
24.Ra1 Ra8 25.Qe4 Qe7 26.hxg6 hxg6 27.Rh1 Bg7 28.Qg4 a4 29.Rae1 axb3 30.axb3 Ra2
31.Bc1 Nf6 32.Qh3 Qd7 33.Bh6 Nh5 34.Bxg7 Kxg7 35.Qh4 Raa8 36.Qg5 Rh8 37.Qe5+ Nf6
38.Be4 Qd8 39.g4 Rxh1 40.Rxh1 Qb8 41.Ng5 Qxe5 42.dxe5 Nxg4 43.Rh7+ Kg8 44.Rxf7 Ba6
45.f4 Rd8 46.Rg7+ Kxg7 47.Nxe6+ Kh6 48.Nxd8  1-0

[Event "10th Bergamo Open"]
[Site "Bergamo ITA"]
[Date "2011.07.16"]
[Round "4.9"]
[White "Reduzzi,M"]
[Black "Valsecchi,A"]
[Result "1/2-1/2"]
[WhiteElo "2082"]
[BlackElo "2354"]

1.Nf3 d5 2.d4 Nf6 3.c4 e6 4.g3 Be7 5.Bg2 O-O 6.Qc2 c6 7.O-O b6 8.Rd1 Bb7
9.b3 Nbd7 10.Nc3 Rc8 11.e4 dxe4 12.Nxe4 Nxe4 13.Qxe4 Ba8 14.Qe2 Re8 15.Bf4 Bf6
16.Ne5 Qe7 17.Rac1 Red8 18.Nxd7 Rxd7 19.c5 Bxd4 20.Bd6 Qf6 21.Be5 Qd8 22.Bxd4 Rxd4
23.cxb6 axb6 24.Rxd4 Qxd4 25.Rd1 Qb4 26.Qa6 Rf8 27.h3 f5 28.f4 Qc5+ 29.Kh1 Qf2
30.Rd7 Qxg3 31.Ra7 Qxf4 32.Rxa8 Qc1+  1/2-1/2

[Event "Oberwart Open"]
[Site "Oberwart AUT"]
[Date "2011.07.16"]
[Round "8"]
[White "Menezes,Chr"]
[Black "Groh,J"]
[Result "1-0"]
[WhiteElo "2200"]
[BlackElo "2116"]

1.d4 d5 2.c4 e6 3.Nf3 Nf6 4.g3 Be7 5.Bg2 O-O 6.O-O b6 7.cxd5 exd5 8.Nc3 Bf5
9.Bf4 c6 10.Ne5 Nfd7 11.e4 Nxe5 12.dxe5 dxe4 13.Nxe4 Nd7 14.Nd6 Bxd6 15.Qxd6 Rc8
16.Rfd1 Nc5 17.Bxc6 Nd3 18.Rxd3 Bxd3 19.Bd7 Be4 20.e6 fxe6 21.Qxe6+ Kh8 22.Bxc8 Bf5
23.Qxf5 Rxf5 24.Bxf5 Qd5 25.Re1 Qc6 26.Rc1  1-0

[Event "20th ch-MKD Open"]
[Site "Struga MKD"]
[Date "2011.07.17"]
[Round "2"]
[White "Andonovski,L"]
[Black "Petrov,G MKD"]
[Result "1/2-1/2"]
[WhiteElo "2317"]
[BlackElo "2266"]

1.d4 Nf6 2.c4 e6 3.g3 d5 4.Nf3 Be7 5.Bg2 O-O 6.O-O dxc4 7.Qa4 a6 8.Qxc4 b5
9.Qc2 Bb7 10.Bd2 Be4 11.Qc1 Qc8 12.Bg5 Nbd7 13.Nbd2 Bd5 14.e4 Bb7 15.Qc2 h6
16.Bxf6 Nxf6 17.Rac1 Bb4 18.a3 Ba5 19.e5 Nd7 20.b4 Bb6 21.Ne4 Bd5 22.Rfd1 Qb7
23.Ne1 a5 24.Nc3 Bxg2 25.Nxg2 axb4 26.axb4 Qc6 27.Qe2 Qc4 28.Qxc4 bxc4 29.Ne3 Ra3
30.Nb5 Rb3 31.Rxc4 c6 32.Nd6 Ra8 33.Rxc6 Rxb4 34.Nec4 Bd8 35.h4 Nb6 36.Nxb6 Bxb6
37.Rc4 Rb2 38.Rc8+ Rxc8 39.Nxc8 Kf8 40.Nxb6 Rxb6 41.Kg2 Ke7 42.h5 f6 43.Ra1 Rb7
44.Kf3 Rc7 45.Ke4 Rb7 46.g4 fxe5 47.dxe5 Rb4+ 48.Kf3 Rb3+ 49.Kf4 Rb4+ 50.Kg3 Rb3+
51.Kf4 Rb4+ 52.Kg3 Rb3+ 53.f3 Rb5 54.Re1 Rb3 55.Re4 Ra3 56.Rb4 Rc3 57.Kf4 Ra3
58.Ke4 Rc3 59.Kf4 Ra3 60.Re4 Rb3 61.Kg3 Ra3 62.g5 hxg5 63.Rg4 Kf7 64.Rxg5 Ra1
65.Rg4 Rh1 66.Rf4+ Kg8 67.Rh4 Re1 68.Kf4 Rg1 69.Rg4 Rh1 70.Kg5 Rf1 71.Rg3 Re1
72.f4 Kf7 73.Ra3 Rg1+ 74.Kh4 Rh1+ 75.Rh3 Rg1 76.Rb3 Rh1+ 77.Kg3 Rg1+  1/2-1/2

[Event "Najdorf Memorial"]
[Site "Warsaw POL"]
[Date "2011.07.17"]
[Round "5.40"]
[White "Maciaga,M"]
[Black "Cubala,P"]
[Result "1-0"]
[WhiteElo "2235"]
[BlackElo "2096"]

1.d4 d5 2.c4 e6 3.Nf3 Nf6 4.g3 Be7 5.Bg2 O-O 6.O-O c5 7.dxc5 Bxc5 8.a3 Ne4
9.Qc2 Qb6 10.e3 a5 11.Rd1 Rd8 12.Nd4 e5 13.Nb3 Bf5 14.Nxc5 Nxc5 15.Qxf5 Nb3
16.Ra2 dxc4 17.Bd5 Nc6 18.Nc3 Qc5 19.e4 Ncd4 20.Qxf7+ Kh8 21.Bg5 Rf8 22.Be7 Rxf7
23.Bxc5 Rf3 24.Bxd4 Nxd4 25.Bxc4 Raf8 26.Rf1 Nc2 27.Nd5 a4 28.Kg2 g5 29.Be2 R3f7
30.Bd1 Nd4 31.Bxa4 Nf3 32.b4 h5 33.Bd1 Nd4 34.Bxh5 Rh7 35.Bg4 Rhf7 36.Rc1 Kg7
37.Rc7  1-0

[Event "16th Balaguer Open"]
[Site "Balaguer ESP"]
[Date "2011.07.18"]
[Round "2"]
[White "Coll Ortega,J"]
[Black "Hernandez Carmenates,Hold"]
[Result "0-1"]
[WhiteElo "2303"]
[BlackElo "2570"]

1.d4 Nf6 2.c4 e6 3.g3 d5 4.Bg2 Be7 5.Nf3 O-O 6.O-O dxc4 7.Qc2 a6 8.a4 Bd7
9.Qxc4 Bc6 10.Nc3 b5 11.Qd3 b4 12.Nb1 Be4 13.Qd1 c5 14.Nbd2 Bd5 15.dxc5 Nbd7
16.c6 Bxc6 17.Nc4 Nc5 18.Nfe5 Bxa4 19.Rxa4 Qxd1 20.Rxd1 Nxa4 21.Bxa8 Rxa8
22.Nd6 Bxd6 23.Rxd6 h6 24.Kg2 a5 25.Nc4 Rc8 26.b3 Nc3 27.Bb2 a4 28.Nb6 a3
29.Bxa3 Nb5 30.Bxb4 Nxd6 31.Bxd6 Rc3 32.b4 Ne4 33.Be7 Rc7 34.Bd8 Rb7 35.f3 Nc3
36.e4 Kf8 37.Nc4 Rxb4 38.Ne3 Rb2+ 39.Kh3 Ne2 40.Kg4 Nd4 41.Nf1 f5+ 42.Kf4 Rf2
43.Ke3 Rxf1 44.Kxd4 Rd1+  0-1

[Event "Biel MTO Open"]
[Site "Biel SUI"]
[Date "2011.07.18"]
[Round "1"]
[White "Gleizerov,E"]
[Black "Meyer,B"]
[Result "1-0"]
[WhiteElo "2590"]
[BlackElo "2182"]

1.d4 Nf6 2.c4 e6 3.g3 d5 4.Nf3 Be7 5.Bg2 O-O 6.O-O Nbd7 7.Nc3 c6 8.Qd3 b6
9.Rd1 Ba6 10.b3 Rc8 11.e4 b5 12.cxd5 cxd5 13.e5 Ne8 14.Nxb5 Nc7 15.a4 Rb8
16.Qe3 Nxb5 17.axb5 Bxb5 18.Rxa7 Qb6 19.Ra1 Rfc8 20.Ba3 Bxa3 21.Rxa3 Qc6
22.Rda1 h6 23.h4 Qc2 24.R3a2 Qc3 25.Nd2 Qb4 26.Qf4 Rc3 27.Ra8 Rd3 28.R1a7 Bc6
29.Rxb8+ Qxb8 30.Ra1 Qb4 31.Nc4 Qc3 32.Rc1 Qxd4 33.Nd6 Qxf4 34.gxf4 Nb8 35.b4 Rd4
36.b5 Bd7 37.Ra1 Kh7 38.Ra8 Nc6 39.bxc6 Bxc6 40.Ra6 Ba4 41.Nxf7 Rxf4 42.Nd8 Rxh4
43.Nxe6 Bb3 44.Nf8+ Kg8 45.Ra8 Rg4 46.e6 d4 47.e7  1-0

[Event "1st Hangzhou WGM"]
[Site "Hangzhou CHN"]
[Date "2011.07.18"]
[Round "5"]
[White "Ju Wenjun"]
[Black "Kosintseva,N"]
[Result "1/2-1/2"]
[WhiteElo "2515"]
[BlackElo "2560"]

1.d4 Nf6 2.c4 e6 3.g3 d5 4.Nf3 Be7 5.Bg2 O-O 6.O-O dxc4 7.Qc2 a6 8.a4 Bd7
9.Qxc4 Bc6 10.Bf4 a5 11.Nc3 Na6 12.Ne5 Bxg2 13.Kxg2 Nd5 14.Nxd5 exd5 15.Qb5 Nb4
16.Qxb7 Rb8 17.Qa7 Ra8 18.Qb7 Rb8 19.Qa7 Ra8  1/2-1/2

[Event "16th Balaguer Open"]
[Site "Balaguer ESP"]
[Date "2011.07.19"]
[Round "3"]
[White "Iagar,R"]
[Black "Moran Rubio,F"]
[Result "1-0"]
[WhiteElo "2162"]
[BlackElo "1802"]

1.d4 d5 2.c4 e6 3.Nf3 Nf6 4.g3 Be7 5.Bg2 c6 6.O-O O-O 7.Qc2 Nbd7 8.b3 h6
9.Nbd2 Nh7 10.e4 Ng5 11.cxd5 cxd5 12.Nxg5 hxg5 13.exd5 exd5 14.Bb2 Bf6 15.Rad1 Nb6
16.Nf3 Be6 17.Ne5 Rc8 18.Qd3 Qd6 19.Rfe1 Nd7 20.Rd2 Rfe8 21.Rde2 Nf8 22.Bc1 Nh7
23.Bd2 Qa6 24.Qxa6 bxa6 25.Bb4 Red8 26.Bf1 Bxe5 27.Rxe5 Rc6 28.Bc5 Rd7 29.Bd3 g4
30.b4 Rb7 31.Rxd5 g6 32.Rd8+ Kg7 33.Be4 Rcc7 34.Bxb7 Rxb7 35.d5 Bf5 36.Re7 Rxe7
37.Bxe7 f6 38.Kf1 Ng5 39.Ke2 Ne4 40.Bc5 Nc3+ 41.Kd2 Ne4+ 42.Ke3 Nc3 43.d6 Kf7
44.Ra8 Bd7 45.Rxa7 Ke6 46.Rxa6 g5 47.Ra7 f5 48.Kd3 Nd5 49.a4 f4 50.b5 fxg3
51.hxg3 Nf6 52.Kd4 Ne8 53.b6 Ng7 54.b7 Nf5+ 55.Kc3  1-0

[Event "15th Battle of Senta Open"]
[Site "Senta SRB"]
[Date "2011.07.19"]
[Round "5.5"]
[White "Pavlov,S2"]
[Black "Markovic,ZS"]
[Result "1/2-1/2"]
[WhiteElo "2505"]
[BlackElo "2351"]

1.c4 e6 2.Nf3 d5 3.g3 Nf6 4.Bg2 Be7 5.d4 O-O 6.O-O dxc4 7.Ne5 Nc6 8.Nxc6 bxc6
9.Na3 Bxa3 10.bxa3 Ba6 11.Bxc6 Rb8 12.Qa4 Rb6 13.Bf3 Nd5 14.Qa5 f5 15.Bd2  1/2-1/2

[Event "4th Paleohora Open"]
[Site "Paleochora GRE"]
[Date "2011.07.20"]
[Round "1"]
[White "Yilmaz,M"]
[Black "Sakaridis,Emmanouil"]
[Result "1-0"]
[WhiteElo "2519"]
[BlackElo "1854"]

1.Nf3 Nf6 2.c4 e6 3.g3 d5 4.Bg2 Be7 5.d4 O-O 6.O-O dxc4 7.Qa4 a6 8.Qxc4 b5
9.Qc2 Bb7 10.Bd2 Be4 11.Qc1 Qc8 12.Bg5 Nbd7 13.Qf4 Bd6 14.Qh4 c5 15.Nbd2 Bc6
16.dxc5 Bxc5 17.Rac1 Qb7 18.Bxf6 gxf6 19.Nb3 Bb6 20.Rxc6 Qxc6 21.Ng5 Qxg2+
22.Kxg2 fxg5 23.Qxg5+ Kh8 24.Qe7 Ra7 25.Rd1 Bd8 26.Qb4  1-0

[Event "Czech Open G Rapid"]
[Site "Pardubice CZE"]
[Date "2011.07.20"]
[Round "2.11"]
[White "Rausis,I"]
[Black "Kjartansson,G"]
[Result "1/2-1/2"]
[WhiteElo "2510"]
[BlackElo "2310"]

1.Nf3 Nf6 2.g3 d5 3.Bg2 e6 4.d4 Be7 5.c4 O-O 6.Qc2 c5 7.dxc5 Qa5+ 8.Nbd2 dxc4
9.O-O Qxc5 10.Nxc4 b5 11.Na3 Qxc2 12.Nxc2 Bb7 13.Ncd4 a6 14.Bd2 Nbd7 15.Rfc1 Rfc8
16.Nb3 Bd5 17.Nfd4 Nc5 18.Nxc5 Bxc5 19.Nb3 Bb6 20.Ba5 Bxa5 21.Nxa5 Bxg2 22.Kxg2 Kf8
23.f3 Nd5 24.Kf2 Nb4 25.a3 Nd5 26.e4 Nb6 27.b3 Ke7 28.Ke3 e5 29.f4 f6 30.h4 g6
31.fxe5 fxe5 32.Rc6 Rxc6 33.Nxc6+ Ke6 34.Nb4 a5 35.Nd3 Rc8 36.Rc1 Rxc1 37.Nxc1 a4
38.bxa4 Nxa4 39.Kd3 Nc5+ 40.Ke3 Na4 41.Kd3 Kd6 42.g4 Nc5+ 43.Ke3 Na4 44.Kd3 Nc5+
45.Ke3 Na4 46.Kd3 Nc5+ 47.Ke3  1/2-1/2

[Event "15th Battle of Senta Open"]
[Site "Senta SRB"]
[Date "2011.07.20"]
[Round "6.21"]
[White "Bogdan,H"]
[Black "Delgado Vlaic,A"]
[Result "1-0"]
[WhiteElo "1880"]
[BlackElo "1921"]

1.d4 e6 2.c4 Nf6 3.Nf3 d5 4.g3 Be7 5.Bg2 O-O 6.O-O b6 7.Qc2 Bb7 8.c5 Nc6
9.Rd1 bxc5 10.dxc5 Rb8 11.a3 a5 12.Nbd2 Ba6 13.e4 d4 14.Nc4 Bxc4 15.Qxc4 e5
16.Ne1 Nd7 17.Nd3 Qc8 18.Qd5 Na7 19.Bh3 Nf6 20.Bxc8 Nxd5 21.exd5 Rfxc8 22.Nxe5 Rd8
23.Rxd4 Bxc5 24.Rd1 c6 25.Nc4 Rxd5 26.Rxd5 cxd5 27.Nxa5 Bd4 28.Rb1 Nb5 29.Nc6 Nxa3
30.Nxb8 Nxb1 31.Kf1 Nc3 32.bxc3 Bxc3 33.Ke2 Kf8 34.Ba3+ Ke8 35.Kd3 Be1 36.f3 Bf2
37.Na6 Kd7 38.Bc5 Be1 39.Nb4 Ke6 40.Na2 h5 41.Nc3 h4 42.g4 f5 43.h3 fxg4
44.fxg4 g6 45.Ne2 Ba5 46.Nf4+ Kf6 47.Nxd5+ Ke5 48.Ne7 Kf4 49.Bd6+ Kf3 50.Nxg6 Kg2
51.Nf4+ Kg3 52.g5  1-0

[Event "Czech Open G Rapid"]
[Site "Pardubice CZE"]
[Date "2011.07.21"]
[Round "8.6"]
[White "Rozum,I"]
[Black "Kravtsiv,M"]
[Result "0-1"]
[WhiteElo "2464"]
[BlackElo "2571"]

1.d4 Nf6 2.c4 e6 3.g3 d5 4.Nf3 Be7 5.Bg2 O-O 6.O-O c6 7.Nc3 b6 8.Qd3 Ba6
9.b3 b5 10.cxb5 cxb5 11.Nxb5 Nc6 12.a4 Qb6 13.Bf4 Nb4 14.Qd2 Bxb5 15.axb5 Qxb5
16.Ne5 Nc6 17.Nxc6 Qxc6 18.Qa5 Bd8 19.Qa4 Qb7 20.Bd6 Be7 21.Bc5 a5 22.Rfc1 h6
23.e3 Rfb8 24.Bxe7 Qxe7 25.Rc5 Qb7 26.Ra3 Qb4 27.Qxb4 axb4 28.Rxa8 Rxa8 29.Rc1 Ra2
30.Bf3 Rb2 31.Bd1 Ne4 32.Rc8+ Kh7 33.Bc2 g6 34.Rc7 Kg7 35.Bxe4 dxe4 36.Rb7 Rxb3
37.g4 g5 38.Kg2 Rb1 39.Rb5 b3 40.d5 exd5 41.Rxd5 Rc1 42.Rb5 Rc3 43.Rb4 Kf6
44.Rxe4 b2 45.Rb4 Rc2 46.Rb5 Ke6 47.Kg3 Kd6 48.h4 Kc6 49.Rb8 Kd5 50.hxg5 hxg5
51.Rb4 Kc5 52.Rb8 Kc4 53.f4 Kd3 54.Kf3 Kd2 55.Ke4 Kc1 56.Kf5 gxf4 57.exf4 Rc6
58.g5 b1=Q+ 59.Rxb1+ Kxb1 60.Ke5 Rg6 61.Kf5 Kc2 62.Kg4 Kd3 63.f5 Rc6 64.Kh5 Ke4
65.f6 Kf5 66.Kh6 Rc8  0-1

[Event "15th Battle of Senta Open"]
[Site "Senta SRB"]
[Date "2011.07.21"]
[Round "7.11"]
[White "Ivanov,Bor BUL"]
[Black "Kovacs,Art"]
[Result "1-0"]
[WhiteElo "2201"]
[BlackElo "2099"]

1.d4 d5 2.c4 e6 3.Nf3 Nf6 4.g3 Be7 5.Bg2 O-O 6.O-O dxc4 7.Qc2 a6 8.a4 Bd7
9.Qxc4 Bc6 10.Bf4 a5 11.Nc3 Na6 12.Ne5 Bxg2 13.Kxg2 c6 14.e4 Qb6 15.Be3 Qb4
16.Qe2 c5 17.Nd3 Qc4 18.Rfc1 Nb4 19.Nxc5 Qxe2 20.Nxe2 b6 21.e5 bxc5 22.exf6 gxf6
23.dxc5 Nd3 24.Rc3 Nxb2 25.Nd4 Rfc8 26.Nb5 Rab8 27.Na7 Rc7 28.c6 Rb4 29.Rc2 Nxa4
30.Rxa4 Rxa4 31.Bb6 Bd6 32.Nb5  1-0

[Event "16th Balaguer Open"]
[Site "Balaguer ESP"]
[Date "2011.07.23"]
[Round "7"]
[White "Torner Planell,Jor"]
[Black "Ferrer Font,J"]
[Result "1/2-1/2"]
[WhiteElo "1935"]
[BlackElo "1815"]

1.d4 Nf6 2.c4 e6 3.g3 d5 4.Bg2 Be7 5.Nf3 O-O 6.O-O c6 7.Nbd2 dxc4 8.Nxc4 b5
9.Nce5 Bb7 10.Qc2 Qb6 11.a4 b4 12.Nc4 Qd8 13.Nfe5 Nd5 14.e4 Nb6 15.Be3 Nxc4
16.Nxc4 Nd7 17.Rfd1 Rc8 18.e5 Ba8 19.Qe2 Qc7 20.Qg4 Rfd8 21.Bh6 g6 22.h4 c5
23.Bxa8 Rxa8 24.Rac1 Nb6 25.h5 Rxd4 26.Rxd4 cxd4 27.Nd6 Qd7 28.hxg6 hxg6
29.Qxd4 Nd5 30.Ne4 Rd8 31.Qc4 Bf8 32.Bg5 Be7 33.Bh6 Bf8 34.Bg5 Be7 35.Rd1 Bxg5
36.Nxg5 Qe7 37.Qg4 Kg7 38.Ne4 Rh8 39.Qf3 Rh5 40.Rc1 Rf5 41.Qh1 Rh5 42.Qf3 Rf5  1/2-1/2

[Event "16th Balaguer Open"]
[Site "Balaguer ESP"]
[Date "2011.07.23"]
[Round "7"]
[White "Iagar,R"]
[Black "Gutierrez Martos,F"]
[Result "1/2-1/2"]
[WhiteElo "2162"]
[BlackElo "2071"]

1.d4 Nf6 2.c4 e6 3.Nf3 d5 4.g3 Be7 5.Bg2 O-O 6.O-O dxc4 7.Ne5 Nc6 8.Nxc6 bxc6
9.Bxc6 Rb8 10.Nc3 Nd5 11.Nxd5 exd5 12.e4 dxe4 13.Bxe4 Bf6 14.Qc2 g6 15.Qxc4 Qxd4
16.Qxd4 Bxd4  1/2-1/2

[Event "8th World Teams"]
[Site "Ningbo CHN"]
[Date "2011.07.25"]
[Round "8"]
[White "Li Chao2"]
[Black "Ganguly,S"]
[Result "1/2-1/2"]
[WhiteElo "2669"]
[BlackElo "2627"]

1.d4 Nf6 2.c4 e6 3.g3 d5 4.Bg2 Be7 5.Nf3 O-O 6.O-O dxc4 7.Ne5 Nc6 8.Nxc6 bxc6
9.Na3 Bxa3 10.bxa3 Ba6 11.Qd2 Rb8 12.Qa5 Rb6 13.a4 Qd6 14.Qc3 Nd5 15.Bxd5 Qxd5
16.Ba3 Re8 17.Bc5 Rbb8 18.f3 e5 19.e4 exd4 20.Bxd4 Qg5 21.Rad1 h5 22.Bxa7 Ra8
23.Be3 Qg6 24.Rf2 h4 25.Rg2 h3 26.Rgd2 Qh5 27.Kf2 Kh7 28.Rd4 Re6 29.Bf4 Re7
30.g4 Qh4+ 31.Kg1 Qf6 32.e5 Qg6 33.Kf2 c5 34.R4d2 Bb7 35.a5 Qc6 36.Rb1 Ree8
37.Kg3 Red8 38.Rbd1 Rxd2 39.Rxd2 Rxa5 40.e6 Ra8 41.exf7 Rf8 42.Re2 Rxf7 43.Re5 Qa4
44.Qe3 c3 45.Rxc5 Qxa2 46.Kxh3 c2 47.Kg3 Qa4 48.h4 Qb4 49.Rxc2 Bxf3 50.Rd2 Bc6
51.h5 Re7 52.Qd4 Qxd4 53.Rxd4 Rd7 54.Rb4 Bd5 55.g5 Bf7 56.g6+ Bxg6 57.hxg6+ Kxg6
58.Rc4 Rd1 59.Kg4 Rg1+ 60.Bg3 Rg2 61.Kf3 Rg1 62.Bh2 Rf1+ 63.Kg4 Rh1 64.Rc6+ Kh7
65.Bxc7 Rh6 66.Rc1 Rg6+ 67.Kf5 Rf6+ 68.Ke4 Rf2 69.Bf4 Kg6 70.Rc6+ Kh7 71.Kf5 Rf1
72.Rc2 Kg8 73.Rc4 Kh7 74.Ke6 Kg6 75.Be5 Rg1 76.Rh4 Rg2 77.Rh1 Rg4 78.Rf1 Rg2
79.Rh1 Rg4 80.Re1 Rg5 81.Ke7 Rf5 82.Re2 Kh7 83.Ke6 Rg5 84.Bf4 Rg6+ 85.Kf5 Rf6+
86.Kg4 Rg6+ 87.Kf3 Rf6 88.Rh2+ Kg6 89.Ke4 Kf7 90.Be5 Rg6 91.Rh8 Rg1 92.Kf5 Rf1+
93.Bf4 Rf2 94.Ra8 Rf1 95.Rb8 Ke7 96.Kg5 Rg1+ 97.Kh5 Kf7 98.Be3 Rg2 99.Bc5 Rg3
100.Rf8+ Ke6 101.Bf2 Ke7 102.Rf4 Rg2 103.Bh4+ Ke6 104.Bg5 Rb2 105.Kg6 Rb7
106.Rf2 Rc7 107.Re2+ Kd5 108.Be7 Rc4 109.Kxg7 Re4 110.Rd2+ Rd4 111.Ra2 Re4
112.Ra5+ Ke6 113.Bf6 Rg4+ 114.Bg5 Rg1 115.Kg6 Rg2 116.Ra8 Rf2 117.Re8+ Kd5
118.Bf6 Rg2+ 119.Kf7 Rf2 120.Rd8+ Ke4 121.Ke6 Ra2 122.Rd4+ Ke3 123.Rb4 Ra5
124.Be5 Ra8 125.Kf5 Rf8+ 126.Bf6 Kd3 127.Rd4+ Ke3 128.Rd6 Kf3 129.Rd3+ Ke2
130.Ra3 Rf7 131.Ke5 Rf8 132.Bg5 Rf3 133.Ra2+ Kd3 134.Bf4 Kc4 135.Ke4 Rb3
136.Be5 Rb4 137.Rc2+ Kb5+ 138.Kd5 Rb3 139.Rc8 Rd3+ 140.Bd4 Rb3 141.Bc3 Ka4
142.Kd4 Kb5 143.Rc5+ Ka6 144.Kc4 Rb7 145.Bd4 Rd7 146.Rc6+ Kb7 147.Rh6 Kc8
148.Bb6 Rf7 149.Rd6 Rd7 150.Rc6+ Kb7 151.Kb5 Rd5+ 152.Bc5 Rd7 153.Bd6 Rf7
154.Rb6+ Kc8 155.Kc6 Rc7+ 156.Kd5 Rb7 157.Ra6 Kd7 158.Ra5 Ke8  1/2-1/2